Pozycja Corporate Name
Liczba rekordów, w których użyto hasła: 1
001 - Numer kontrolny
- control field: 39640
003 - Identyfikator numeru kontrolnego
- control field: NUKAT
005 - Data i czas ostatniej modyfikacji
- control field: 20260408122933.0
008 - Dane kontrolne kodowane (40 znaków)
- fixed length control field: 121127n||azznnbabn |a ana |
010 ## - Numer kontrolny Biblioteki Kongresu
- numer kontrolny LC: p 2017009549
024 7# - OTHER STANDARD IDENTIFIER
- Standard number or code: 303247812
- Source of number or code: viaf
035 ## - Numer systemowy
- numer systemowy: a26332966
035 ## - Numer systemowy
- numer systemowy: (PL)a0000002633296
040 ## - Instytucja sporządzająca rekord
- inst. przygot. dane do rek. khw: WA N
- język haseł przedmiotowych/tezaurus: DBN
- inst. wprow. rek. khw: WA N
043 ## - Kod obszaru geograficznego
- ISO code: PL
046 ## - Special dates
- Establishment date: 1956
- Termination date: 1989
110 2# - Hasło - nazwa ciała zbiorowego
- nazwa ciała zbior. lub geogr. na pocz.: Służba Bezpieczeństwa (SB ; Polska)
368 ## - Other Attributes
- Corp type: Służba bezpieczeństwa
370 ## - Associated place
- Country: Polska
- Start period: 1956
- End period: 1990
372 ## - Field of activity
- Field: Bezpieczeństwo publiczne
372 ## - Field of activity
- Field: Bezpieczeństwo narodowe
377 ## - Assoc lang
- Lang code: pol
410 2# - Trop zob. - nazwa ciała zbiorowego
- nazwa ciała zbior. lub geogr. na pocz.: SB
410 2# - Trop zob. - nazwa ciała zbiorowego
- nazwa ciała zbior. lub geogr. na pocz.: Służba Bezpieczeństwa (Polska)
510 2# - Trop zob. też - nazwa ciała zbiorowego
- podpole kontrolne: g
- nazwa ciała zbior. lub geogr. na pocz.: Ministerstwo Spraw Wewnętrznych (Polska ; 1954-1996)
510 2# - Trop zob. też - nazwa ciała zbiorowego
- podpole kontrolne: h
- nazwa ciała zbior. lub geogr. na pocz.: Biuro Studiów (Służba Bezpieczeństwa ; SB ; Polska)
510 2# - Trop zob. też - nazwa ciała zbiorowego
- podpole kontrolne: h
- nazwa ciała zbior. lub geogr. na pocz.: Departament I (Ministerstwo Spraw Wewnętrznych ; 1954-1996)
510 2# - Trop zob. też - nazwa ciała zbiorowego
- podpole kontrolne: h
- nazwa ciała zbior. lub geogr. na pocz.: Departament IV (Ministerstwo Spraw Wewnętrznych ; 1954-1996)
550 ## - Trop zob. też - nazwa pospolita
- nazwa posp. lub nazwa geogr. na pocz.: Operacja "Podhale" (1968)
665 ## - Nota historyczna
- nota historyczna: Aparat powołany do ochrony bezpieczeństwa państwa i porządku publicznego w PRL. Pod tą nazwą występuje od 1956. Rozwiązana w 1990.
670 ## - Źródło informacji
- źródło informacji: Księga pamięci poległych funkcjonariuszy SB, MO, ORMO. - [Warszawa], 1971.